Rugby - Logo des équipes internationales - Statistiques

Statistiques générales
  • Ce quiz a été pris 90 fois
  • Le résultat moyen est 13 sur 16
Statistiques - réponses
Par images Réponse % Correct
France
100%
Angleterre
99%
Nouvelle Zélande
99%
Argentine
97%
Australie
97%
Afrique du Sud
96%
Ecosse
96%
Irlande
96%
Japon
92%
Pays de Galles
91%
Etats Unis
85%
Géorgie
71%
Uruguay
62%
Roumanie
46%
Barbarians
33%
Lions Britaniques
25%
Aucun quiz correspondant
Distribution des résultats
% des personnes avec chaque résultat
Percentile par nombre de réponses
Votre historique - résultats
Vous n’avez pas pris ce quiz